[Event "FRA-ch Blitz Online Qual"]
[Site "Europe Echecs INT"]
[Date "2020.05.16"]
[Round "9"]
[White "Colette, Thierry"]
[Black "Ninin, Gabriel"]
[Result "0-1"]
[WhiteElo "1411"]
[BlackElo "1426"]
[PlyCount "70"]
[EventDate "2020.05.16"]
[EventType "swiss (blitz)"]
[EventRounds "15"]
[EventCountry "FRA"]
[SourceTitle "CBM 196 Extra"]
[Source "ChessBase"]
[SourceDate "2020.07.31"]
[SourceVersion "1"]
[SourceVersionDate "2020.07.31"]
[SourceQuality "1"]

1. e4 d5 2. exd5 Nf6 3. d4 Bg4 4. Be2 Bxe2 5. Nxe2 Qxd5 6. 0-0 Nc6 7. Be3 0-0-0 8. Nbc3 Qf5 9. Ng3 Qg6 10. Nb5 a6 11. Nc3 e5 12. Qe2 exd4 13. Bf4 dxc3 14. Qe3 Bd6 15. Bxd6 Rxd6 16. Qxc3 Ne4 17. Nxe4 Qxe4 18. Rfe1 Qd4 19. Qh3+ Kb8 20. Re3 Qd1+ 21. Re1 Qxc2 22. g3 Rhd8 23. Qxh7 Rd2 24. Qxc2 Rxc2 25. b3 Rdd2 26. Re8+ Ka7 27. Rf1 Rxa2 28. Rf8 Ne5 29. Rg8 Nf3+ 30. Kg2 Ng5 31. Rxg7 Ne4 32. Rxf7 Kb6 33. b4 Rab2 34. b5 Rxb5 35. Rf4 Nd6 0-1

[Event "FRA-ch Blitz Online Qual"]
[Site "Europe Echecs INT"]
[Date "2020.05.16"]
[Round "1"]
[White "Hue, Victor"]
[Black "Ninin, Gabriel"]
[Result "1/2-1/2"]
[WhiteElo "2038"]
[BlackElo "1426"]
[PlyCount "70"]
[EventDate "2020.05.16"]
[EventType "swiss (blitz)"]
[EventRounds "15"]
[EventCountry "FRA"]
[SourceTitle "CBM 196 Extra"]
[Source "ChessBase"]
[SourceDate "2020.07.31"]
[SourceVersion "1"]
[SourceVersionDate "2020.07.31"]
[SourceQuality "1"]

1. e4 d5 2. exd5 Nf6 3. d4 Bg4 4. Nf3 Qxd5 5. Be2 Nc6 6. Be3 0-0-0 7. h3 Qh5 8. 0-0 e5 9. c3 e4 10. hxg4 Nxg4 11. Bf4 Bd6 12. Ne5 f5 13. Bxg4 fxg4 14. Qc1 Rhf8 15. Bg3 Rf3 16. Nxf3 gxf3 17. Re1 Bxg3 18. fxg3 fxg2 19. Qe3 Qh1+ 20. Kf2 Rf8+ 21. Ke2 g1N+ 22. Rxg1 Qh5+ 23. Kd2 Qh2+ 24. Kd1 Rf3 25. Qe1 Rd3+ 26. Nd2 Qh5+ 27. Kc2 Nxd4+ 28. cxd4 Qa5 29. Qe2 Qa4+ 30. b3 Qc6+ 31. Kb2 Qc3+ 32. Ka3 Qa5+ 33. Kb2 Qc3+ 34. Ka3 Qa5+ 35. Kb2 Qc3+ 1/2-1/2

[Event "FRA-ch Blitz Online Qual"]
[Site "Europe Echecs INT"]
[Date "2020.05.16"]
[Round "12"]
[White "Lebrun, Mathieu"]
[Black "Ninin, Gabriel"]
[Result "0-1"]
[WhiteElo "1177"]
[BlackElo "1426"]
[PlyCount "118"]
[EventDate "2020.05.16"]
[EventType "swiss (blitz)"]
[EventRounds "15"]
[EventCountry "FRA"]
[SourceTitle "CBM 196 Extra"]
[Source "ChessBase"]
[SourceDate "2020.07.31"]
[SourceVersion "1"]
[SourceVersionDate "2020.07.31"]
[SourceQuality "1"]

1. e4 d5 2. exd5 Nf6 3. Bc4 Nxd5 4. Bxd5 Qxd5 5. Nc3 Qxg2 6. Qf3 Qxf3 7. Nxf3 e6 8. d4 Bd7 9. Bf4 Bc6 10. Ke2 Bb4 11. Rhg1 Bxc3 12. bxc3 g6 13. Bxc7 Na6 14. Be5 0-0 15. Rg3 Nb8 16. Nd2 Nd7 17. Nc4 Nxe5 18. Nxe5 Be4 19. Kd2 Rfd8 20. Re1 Bd5 21. c4 Bc6 22. Nxc6 bxc6 23. c3 Rab8 24. c5 Rb2+ 25. Kd3 Rxf2 26. a4 Ra2 27. Rgg1 Rxa4 28. Ra1 Rxa1 29. Rxa1 Rd7 30. Ra6 Rc7 31. Ke4 Kf8 32. Ke5 Ke7 33. h3 f6+ 34. Ke4 Kd7 35. c4 Kc8 36. d5 exd5+ 37. cxd5 cxd5+ 38. Kxd5 Kb7 39. Rxf6 a5 40. c6+ Kb6 41. Rd6 a4 42. Rd8 Rxc6 43. Rb8+ Kc7 44. Ra8 Rd6+ 45. Kc4 Rf6 46. Rxa4 Rf4+ 47. Kb5 Rxa4 48. Kxa4 Kd6 49. Kb4 Ke5 50. Kc4 Kf4 51. Kd5 g5 52. Ke6 h5 53. Kf6 g4 54. hxg4 hxg4 55. Kg6 g3 56. Kh5 g2 57. Kh4 g1Q 58. Kh5 Qg7 59. Kh4 Qg4# 0-1